00623nam a2200181Ia 450000100060000000800390000608200100004510000300005524500980008526000310018330000210021465300110023565300170024665300130026394200120027695201360028899900170042461223170103n ii |||gr||||Z||||||465 a575.5 aSarin, Chanchal,eAuthor. 0aExperiments in cytogenetics with theoretical backgroundcby Chanchal SarinhTextual Documents aDelhibVishal Publications aii, 224p:c21cm. aBotany aCytogenetics aG-Botany 2ddccBK 001040708General aSKBLbSKBLcG-Botanyd2017-01-03g25.00l0o575.5 Sa 73 Exp3384/Giftr2024-01-14 00:00:00t1w2017-01-03yBK c62332d62332